| 000 | 00416nam a22001577a 4500 | ||
|---|---|---|---|
| 020 | _a9780470576649 | ||
| 040 | _cNust | ||
| 082 |
_a621.3824 _bSTU |
||
| 100 |
_aWarren L. Stutzman _9124482 |
||
| 110 |
_aGary A. Thiele _9124483 |
||
| 245 | _aAntenna Theory and Design | ||
| 250 | _a3rd Edition | ||
| 260 |
_aUSA: _bJohn Wiley & Sons Inc, _c2013. |
||
| 650 |
_aAntenna Theory and Design _9124484 |
||
| 942 |
_2ddc _cBK |
||
| 999 |
_c610333 _d610333 |
||